25 Small Habits: Simple Daily Habits to Improve Wealth, Health and Happiness (Record no. 365279)

MARC details
000 -LEADER
fixed length control field 00548nam a22001817a 4500
005 - DATE AND TIME OF LATEST TRANSACTION
control field 20250227144302.0
008 - FIXED-LENGTH DATA ELEMENTS--GENERAL INFORMATION
fixed length control field 250225b |||||||| |||| 00| 0 eng d
020 ## - INTERNATIONAL STANDARD BOOK NUMBER
International Standard Book Number 9780143459941
041 ## - LANGUAGE CODE
Language code of text/sound track or separate title Eng
082 ## - DEWEY DECIMAL CLASSIFICATION NUMBER
Classification number 158.1
Item number CHE
100 ## - MAIN ENTRY--PERSONAL NAME
Author Chenthamarakshan Manoj
245 ## - TITLE STATEMENT
Title 25 Small Habits: Simple Daily Habits to Improve Wealth, Health and Happiness
260 ## - PUBLICATION, DISTRIBUTION, ETC.
Place of publication, distribution, etc. India
Name of publisher, distributor, etc. Penguin Business
Date of publication, distribution, etc. 2023
300 ## - PHYSICAL DESCRIPTION
Extent 85
365 ## - TRADE PRICE
Price amount 199.00
Currency code Rs.00
650 ## - SUBJECT ADDED ENTRY--TOPICAL TERM
Topical term or geographic name entry element Applied Psychology
Form subdivision Personal Improvement & Analysis
942 ## - ADDED ENTRY ELEMENTS (KOHA)
Koha item type Books
Holdings
Withdrawn status Lost status Source of classification or shelving scheme Damaged status Not for loan Home library Current library Date acquired Vendor Net Price Bill number Total Checkouts Full call number Barcode Date last seen Date last checked out Discount Actual Price Bill Date Koha item type
    Dewey Decimal Classification     School of Fashion Technology School of Fashion Technology 20/02/2025 Crossword Bookstores 199.00 KT24CSB11468 2 158.1 CHE SOFT-BK-4314 15/10/2025 05/09/2025 0% 199.00 17/02/2025 Books